Online marketing: vytvárajte lákavé Call-to-Action!
Pokračovanie článku z predchádzajúceho čísla. Call-to-Action (výzva k akcii) je spolu s formulármi a vstupnými stránkami nástrojom, ktorý sa využíva v druhom kroku Inbound metodológie. V tomto kroku premieňate návštevníkov vašej webovej stránky alebo blogového príspevku na leadov, teda potenciálnych...
Salvato in:
| Autore principale: | |
|---|---|
| Altri autori: | |
| Natura: | Capitolo di libro |
| Lingua: | slovacco |
| Soggetti: | |
| Tags: |
Nessun Tag, puoi essere il primo ad aggiungerne!!
|
MARC
| LEADER | 00000naa a2200000 4500 | ||
|---|---|---|---|
| 001 | 0221849 | ||
| 005 | 20230912114903.1 | ||
| 041 | 0 | |a slo | |
| 044 | |a SK | ||
| 245 | 1 | 0 | |a Online marketing: vytvárajte lákavé Call-to-Action! |c Martina Drahošová, Peter Balco |
| 520 | |a Pokračovanie článku z predchádzajúceho čísla. Call-to-Action (výzva k akcii) je spolu s formulármi a vstupnými stránkami nástrojom, ktorý sa využíva v druhom kroku Inbound metodológie. V tomto kroku premieňate návštevníkov vašej webovej stránky alebo blogového príspevku na leadov, teda potenciálnych zákazníkov. | ||
| 610 | 2 | 0 | |a marketing |
| 610 | 2 | 0 | |a komunikácia marketingová |
| 610 | 2 | 0 | |a komunikácia elektronická |
| 610 | 2 | 0 | |a marketing mix |
| 610 | 2 | 0 | |a stránky webové |
| 610 | 2 | 0 | |a riadenie vzťahov so zákazníkmi |
| 100 | 1 | |a Drahošová, Martina | |
| 700 | 1 | |a Balco, Peter | |